000 00509nam a2200193Ia 4500
005 20230208153242.0
008 131103s9999 xx 000 0 und d
020 _cRs.50
040 _aLoreto College
041 _aEnglish
082 _a820.9
_bHUS
100 _aHusain, S. Sajjad
245 _aEngraji shahityer itihash
_cDr. S. Sajjad Husain
260 _aDhaka
_bBangla Ekademi
_c1984
300 _avi,241p.
650 _aEnglish literature - History and criticism
850 _aLCLIB
942 _cBK
999 _c21031
_d71510